| Tag |
First Indicator |
Second Indicator |
Subfields |
| LEADER |
00000cam a2200000 4500 |
| 001 |
in00000452221 |
| 005 |
20151012092111.0 |
| 008 |
731023s1973 cau b 00110 eng |
| 010 |
|
|
|a 73076938
|
| 020 |
|
|
|a 087620583X
|
| 020 |
|
|
|a 0876205821 (pbk.)
|
| 035 |
|
|
|a (OCoLC)00643407
|
| 035 |
|
|
|9 ABY6677AM
|
| 040 |
|
|
|a DLC
|c DLC
|d TXA
|d UtOrBLW
|
| 043 |
|
|
|a e------
|
| 049 |
|
|
|a TXAM
|c [1233216]
|
| 050 |
0 |
0 |
|a HN373.5
|b .A62
|
| 082 |
0 |
|
|a 301.29/4
|
| 100 |
1 |
|
|a Anderson, Robert
|q (Robert Thomas),
|d 1926-
|
| 245 |
1 |
0 |
|a Modern Europe :
|b an anthropological perspective /
|c [by] Robert T. Anderson.
|
| 264 |
|
1 |
|a Pacific Palisades, Calif. :
|b Goodyear Pub. Co.,
|c [1973]
|
| 300 |
|
|
|a 163 pages ;
|c 24 cm.
|
| 336 |
|
|
|a text
|b txt
|2 rdacontent
|
| 337 |
|
|
|a unmediated
|b n
|2 rdamedia
|
| 338 |
|
|
|a volume
|b nc
|2 rdacarrier
|
| 490 |
1 |
|
|a Goodyear regional anthropology series
|
| 504 |
|
|
|a Bibliography: pages 134-156.
|
| 651 |
|
0 |
|a Europe
|x Social conditions
|y 20th century.
|
| 830 |
|
0 |
|a Goodyear regional anthropology series.
|
| 999 |
|
|
|a MARS
|
| 999 |
f |
f |
|s b2dc32ea-f288-3e71-88cb-cbcaaa0d4aa3
|i fd2fe6d2-4d02-3bc4-9217-82982cc4c105
|t 0
|
| 952 |
f |
f |
|p ric
|a Texas A&M University
|b Rellis Campus
|c Joint Library Facility
|d Remote Storage
|t 0
|e HN373.5 .A62
|h Library of Congress classification
|i unmediated -- volume
|m A14802941398
|
| 998 |
f |
f |
|a HN373.5 .A62
|t 0
|l Remote Storage
|